Vojenské omyly druhej svetovej vojny

Bibliographic Details
Main Author: Macksey, Kenneth, 1923-2005 (Author)
Other Authors: Draškaba, Peter, 1945- (Translator), Paule, Richard (Translator)
Format: Book
Language:Slovak
English
PhysicalDescription:260 s., [8] s. fot. príl. fotogr., mp. 23 cm
Published: Bratislava Perfekt 2000
ISBN:8080461449
Subjects:

MARC

LEADER 00000cam a2200000 a 4500
001 vtls001396867
003 SK-MaSNL
005 20260301011918.0
008 240318s2000 xo ba r 000 0 slo
015 |a SNBA2000/11-03859 
020 |a 8080461449 
035 |a SNK000351259 
035 |a urn:nbn:sk:snk-amklro 
035 |a urn:nbn:sk:snk-am008id7 
035 |a 5C02CFD3-6894-4329-8020-69B320030D33 
040 |a SNK  |b slo  |c SNK  |e AACR2 
041 0 |a slo  |h eng 
044 |a xo  |c SK 
080 |a 940.53  |2 1981 
100 1 |a Macksey, Kenneth,  |d 1923-2005  |4 aut  |9 168132 
240 1 0 |a Military errors of World war two  |l Slovensky 
245 1 0 |a Vojenské omyly druhej svetovej vojny  |c Kenneth Macksey ; [z anglického originálu preložili Peter Draškaba a Richard Paule] 
260 |a Bratislava  |b Perfekt  |c 2000 
300 |a 260 s., [8] s. fot. príl.  |b fotogr., mp.  |c 23 cm 
500 |a Údaj o prekl. prevzatý z rubu tit. strany 
504 |a Bibliogr. s. 247-248. Reg. 
650 0 7 |a druhá svetová vojna (1939-1945)  |2 SNK  |9 169657 
650 0 7 |a omyly  |2 SNK  |9 31466 
655 7 |a monografie  |2 SNK  |9 70139 
700 1 |a Draškaba, Peter,  |d 1945-  |4 trl  |9 111744 
700 1 |a Paule, Richard  |4 trl  |9 46183 
919 |a 80-8046-144-9 
958 |a TL 
958 |a OP 
958 |a NB 
958 |a NS 
958 |a GB 
968 |b ENG 
999 |c 552170  |d 554100 
952 |t P60, <03>, [BOOK], {603}  |a SNK  |b SNK  |y PREZ  |7 0  |p 17A0253101  |o snkSC 102778  |i snkKSP 10201/2000  |0 0  |1 0  |4 0  |d 2000-10-02  |f 1  |l 0  |r 2025-09-24 00:00:00  |w 2026-02-23 
952 |t P60, <04>, [BOOK], {604}  |a SNK  |b SNK  |y VYP  |7 0  |p 17A0253102  |o snkSC 102778 D1  |i snkKSP 10202/2000  |0 0  |1 0  |4 0  |d 2000-10-02  |l 0  |r 2005-01-02 00:00:00  |w 2026-02-23